000 01095nas a2200337 4500
001 BR8101210
003 BR-BrBNA
005 20231205084545.0
007 ta
008 230509b bl.|||p| |||| 00| 00por d
040 _aBR-BrBNA
_bpor
_cBiblioteca Nacional de Agricultura
041 _a(Pt)
072 _aF60; P12; F25
100 1 _aOliveira, C.A.S.
100 1 _aCarrijo, O.A.
100 1 _aOlitta, A.F.L.
100 1 _aReis, N.V.B. dos
100 1 _aFontes, R.R.
245 1 _aIrrigacao por gotejamento com nitrogenio e potassio em tomateiro [Lycopersicum esculentum; Cerrado; Brasil]
246 1 _aTrickle irrigation with nitrogen and potassium in tomato [Lycopersicum esculentum; Savana; Brazil]
650 _aNutricao vegetal
650 _aIrrigacao
650 _aFertilidade do solo
650 _aTomate
650 _aNitrogenio
650 _aPotassio
650 _aCerrado
773 0 _tPesquisa Agropecuaria Brasileira (Brazil)
_xISSN 0100-0204X
_g(Mar 1981), v. 16(2) p. 259-263
_wBR8101210
909 _a202311
_bLúcia
_c55
_dLúcia Elande
942 _2AGRIS
_n0
_cANA
999 _c105901
_d105901